000 00337 a2200157 4500
001 46870
020 _a8572721339
040 _cAnchieta - Aquarius
100 _aPozenato, José Clemente
240 1 0 _aPisca-tudo
_lpor
245 1 0 _aPisca-tudo
300 _a
362 0 _a2000
650 4 _aLiteratura infanto-juvenil
942 _cBK
999 _c46870
_d46870